New Jersey Devils Leaders - Statistics

General Stats
  • This quiz has been taken 50 times
    7 since last reset
  • The average score is 27 of 101
Answer Stats
Stat Number Answer % Correct
Most Games Played (Goalie) 1259 Martin Brodeur
80%
Most Wins 688 Martin Brodeur
80%
Most Shutouts 124 Martin Brodeur
80%
Best Career Save Percentage .912 Martin Brodeur
80%
Best Career Goals Against Average 2.24 Martin Brodeur
80%
Most Goals 408 Patrik Eliáš
80%
Most Assists 617 Patrik Eliáš
80%
Most Points 1025 Patrik Eliáš
80%
Most Games Played 1240 Patrik Eliáš
80%
Most Game Winning Goals 80 Patrik Eliáš
80%
Most Assists 364 Scott Niedermayer
80%
Most Points 476 Scott Niedermayer
80%
Most Games Played 892 Scott Niedermayer
80%
Most Goals 168 Jack Hughes
60%
Most Assists 337 Scott Stevens
60%
Most Games Played 956 Scott Stevens
60%
Most Goals 194 Zach Parise
60%
Most Game Winning Goals 37 Zach Parise
60%
Most Games Played (Goalie) 311 Cory Schneider
40%
Most Wins 115 Cory Schneider
40%
Most Shutouts 17 Cory Schneider
40%
Best Career Save Percentage .915 Cory Schneider
40%
Best Career Goals Against Average 2.50 Cory Schneider
40%
Most Wins 49 Jacob Markström
40%
Most Shutouts 5 Jakob Markström
40%
Best Career Save Percentage .892 Jakob Markström
40%
Most Goals 199 Nico Hischier
40%
Most Points 488 Nico Hischier
40%
Most Game Winning Goals 30 Nico Hischier
40%
Most Goals 170 Pat Verbeek
40%
Most Goals 202 Travis Zajac
40%
Most Assists 348 Travis Zajac
40%
Most Points 550 Travis Zajac
40%
Most Games Played 1024 Travis Zajac
40%
Most Games Played (Goalie) 140 Alain Chevrier
20%
Most Wins 53 Alain Chevrier
20%
Most Goals 202 Bobby Holík
20%
Most Points 472 Bobby Holík
20%
Most Games Played 786 Bobby Holík
20%
Most Game Winning Goals 43 Bobby Holík
20%
Most Assists 316 Bruce Driver
20%
Most Games Played (Goalie) 302 Chris Terreri
20%
Most Wins 118 Chris Terreri
20%
Most Shutouts 7 Chris Terreri
20%
Best Career Save Percentage .892 Chris Terreri
20%
Best Career Goals Against Average 3.07 Chris Terreri
20%
Most Games Played (Goalie) 267 Glenn Resch
20%
Most Wins 67 Glenn Resch
20%
Most Shutouts 5 Jake Allen
20%
Best Career Save Percentage .904 Jake Allen
20%
Best Career Goals Against Average 2.77 Jake Allen
20%
Most Game Winning Goals 32 Jamie Langenbrunner
20%
Most Goals 172 Jesper Bratt
20%
Most Assists 346 Jesper Bratt
20%
Most Points 518 Jesper Bratt
20%
Most Games Played 1283 Ken Daneyko
20%
Most Goals 185 Kirk Muller
20%
Most Assists 335 Kirk Muller
20%
Most Points 520 Kirk Muller
20%
Most Games Played (Goalie) 152 Mackenzie Blackwood
20%
Most Wins 65 Mackenzie Blackwood
20%
Most Shutouts 8 Mackenzie Blackwood
20%
Best Career Save Percentage .906 Mackenzie Blackwood
20%
Best Career Goals Against Average 2.97 Mackenzie Blackwood
20%
Most Assists 361 Scott Gomez
20%
Most Points 484 Scott Gomez
20%
Most Games Played (Goalie) 162 Sean Burke
20%
Most Wins 62 Sean Burke
20%
Most Shutouts 4 Sean Burke
20%
Best Career Goals Against Average 3.66 Sean Burke
20%
Most Games Played 765 Sergei Brylin
20%
Most Assists 307 Aaron Broten
0%
Most Points 469 Aaron Broten
0%
Most Games Played 923 Andy Greene
0%
Most Game Winning Goals 30 Brian Gionta
0%
Most Games Played (Goalie) 111 Craig Billington
0%
Most Shutouts 4 Craig Billington
0%
Best Career Save Percentage .892 Denis Herron
0%
Best Career Goals Against Average 2.76 Jakob Markstöm
0%
Most Games Played 819 Jay Pandolfo
0%
Most Shutouts 8 Johan Hedberg
0%
Best Career Save Percentage .908 Johan Hedberg
0%
Best Career Goals Against Average 2.42 Johan Hedberg
0%
Most Goals 347 John MacLean
0%
Most Assists 354 John MacLean
0%
Most Points 701 John MacLean
0%
Most Games Played 934 John MacLean
0%
Most Game Winning Goals 55 John MacLean
0%
Most Games Played (Goalie) 151 Keith Kinkaid
0%
Most Wins 64 Keith Kinkaid
0%
Most Shutouts 7 Keith Kinkaid
0%
Best Career Save Percentage .906 Keith Kinkaid
0%
Best Career Goals Against Average 2.90 Keith Kinkaid
0%
Most Games Played (Goalie) 149 Michel Plasse
0%
Most Game Winning Goals 31 Petr Sýkora
0%
Most Game Winning Goals 29 Randy McKay
0%
Most Shutouts 4 Scott Clemmensen
0%
Most Game Winning Goals 30 Stéphane Richer
0%
Most Wins 50 Vítek Vaněček
0%
Best Career Save Percentage .903 Vítek Vaněček
0%
Best Career Goals Against Average 2.73 Vítek Vaněček
0%
No matching quizzes found
Score Distribution
Percent of People with Each Score
Percentile by Number Answered
Your Score History
You have not taken this quiz since the last reset